| Tag |
First Indicator |
Second Indicator |
Subfields |
| LEADER |
00000cam a2200000 4500 |
| 001 |
in00000011321 |
| 005 |
20151007052033.0 |
| 008 |
740515s1973 iau b 00010 eng d |
| 035 |
|
|
|a (OCoLC)00887703
|
| 035 |
|
|
|9 AAA5999AM
|
| 040 |
|
|
|a CWR
|c CWR
|d m.c.
|d TXA
|d UtOrBLW
|
| 049 |
|
|
|a TXAM
|c [A12584839]
|
| 050 |
|
4 |
|a LB1131
|b .N535 1973
|
| 100 |
1 |
|
|a Nicholson, Everard.
|
| 245 |
1 |
0 |
|a Predictors of graduation from college /
|c E. Nicholson.
|
| 264 |
|
1 |
|a Iowa City :
|b Research and Development Division, American College Testing Program,
|c [1973]
|
| 264 |
|
4 |
|c [©1973]
|
| 300 |
|
|
|a 8 pages :
|b illustrations ;
|c 29 cm.
|
| 336 |
|
|
|a text
|b txt
|2 rdacontent
|
| 337 |
|
|
|a unmediated
|b n
|2 rdamedia
|
| 338 |
|
|
|a volume
|b nc
|2 rdacarrier
|
| 490 |
1 |
|
|a ACT research report ;
|v no. 56
|
| 500 |
|
|
|a Cover title.
|
| 500 |
|
|
|a "March 1973."
|
| 504 |
|
|
|a Includes bibliography.
|
| 650 |
|
0 |
|a Prediction of scholastic success.
|
| 710 |
2 |
|
|a American College Testing Program.
|
| 830 |
|
0 |
|a ACT research report ;
|v no. 56.
|
| 999 |
|
|
|a MARS
|
| 999 |
f |
f |
|s 3682de4f-0781-378e-9b11-8c5a37a97681
|i 0dfd1181-9e00-35ac-a0e7-e390539c745d
|t 0
|
| 952 |
f |
f |
|p normal
|a Texas A&M University
|b College Station
|c Sterling C. Evans Library
|d Evans: Library Stacks
|t 0
|e LB1131 .N535 1973
|h Library of Congress classification
|i unmediated -- volume
|m A14812584839
|
| 998 |
f |
f |
|a LB1131 .N535 1973
|t 0
|l Evans: Library Stacks
|